Busiest Train Stations in Germany - Statistics

General Stats
  • This quiz has been taken 460 times
  • The average score is 9 of 15
Answer Stats
Entries/Exits (Millions) Station % Correct
110 Berlin Hauptbahnhof
99%
175 Hamburg Hauptbahnhof
95%
102 Köln Hauptbahnhof
93%
164.3 Frankfurt (Main) Hauptbahnhof
89%
91.3 Düsseldorf Hauptbahnhof
86%
87.6 Stuttgart Hauptbahnhof
86%
127.8 München Hauptbahnof
74%
47.4 Dortmund Hauptbahnhof
73%
91.2 Hannover Hauptbahnhof
71%
62.1 Essen Hauptbahnhof
68%
65.7 Nürnberg Hauptbahnhof
63%
76.7 Berlin Friedrichstraße
15%
66.1 Frankfurt Hauptwache
3%
69.7 Frankfurt Konstablerwache
3%
64 München Marienplatz
3%
No matching quizzes found
Score Distribution
Percent of People with Each Score
Percentile by Number Answered
Your Score History
You have not taken this quiz